000 00428 a2200205 4500
260 _aParis
100 _aCIBERT, André
260 _bDunod
245 _aComptabilité générale
300 _aXVI-450 p.
650 _aComptabilité
260 _c1980
300 _bill.
130 _lFr.
440 _aUniversité et Technique
250 _a6ème éd.
020 _a2-04-011147-6
999 _c25075
_d25075